UBT Library

The impact of war on children : (Record no. 38928)

000 -LEADER
fixed length control field 00904cam a22002414a 4500
001 - CONTROL NUMBER
control field 12403978
005 - DATE AND TIME OF LATEST TRANSACTION
control field 20171214070151.0
008 - FIXED-LENGTH DATA ELEMENTS--GENERAL INFORMATION
fixed length control field 010509s2001 nyua b 001 0 eng
010 ## - LIBRARY OF CONGRESS CONTROL NUMBER
LC control number 2001034604
020 ## - INTERNATIONAL STANDARD BOOK NUMBER
International Standard Book Number 0312294220
040 ## - CATALOGING SOURCE
Original cataloging agency DLC
Transcribing agency DLC
Modifying agency DLC
041 ## - LANGUAGE CODE
Language code of text/sound track or separate title eng
042 ## - AUTHENTICATION CODE
Authentication code pcc
080 ## - UNIVERSAL DECIMAL CLASSIFICATION NUMBER
Universal Decimal Classification number 303.66083
082 00 - DEWEY DECIMAL CLASSIFICATION NUMBER
Classification number 303.66083
100 1# - Rafti
Rafti 19
101 ## - Shkurtesa
Shkurtesa HIS
245 14 - TITLE STATEMENT
Title The impact of war on children :
Statement of responsibility, etc Graça Machel ; photographs by Sebastião Salgado.
504 ## - BIBLIOGRAPHY, ETC. NOTE
Bibliography, etc Includes bibliographical references and index.
906 ## - LOCAL DATA ELEMENT F, LDF (RLIN)
a 7
b cbc
c orignew
d 1
e ocip
f 20
g y-gencatlg
942 ## - ADDED ENTRY ELEMENTS (KOHA)
Source of classification or shelving scheme
Item type Books
Holdings
Withdrawn status Lost status Source of classification or shelving scheme Damaged status Not for loan Permanent location Current location Date acquired Total Checkouts Full call number Barcode Date last seen Price effective from Koha item type
          UBT - Lipjan UBT - Lipjan 12/14/2017   303.66083 MAC 002-2939082 12/14/2017 12/14/2017 Books
UBT Library © 2015-2024. All rights reserved University Education for Business and Technology